|
|
|
|
| LEADER |
00000csc a2200000 a 4500 |
| 001 |
74213 |
| 003 |
Ucuenca |
| 005 |
20230308211500.0 |
| 008 |
000000|1969 sp |||||r|||||||||||spa|| |
| 040 |
|
|
|b spa
|
| 041 |
1 |
|
|a es
|
| 082 |
0 |
|
|a 611
|
| 100 |
1 |
|
|a Desire, Ch.
|9 227961
|
| 245 |
|
|
|a Anatomía-Fisiología-Higiene
|c Ch. Desire, F. Villeneuve,; traducido por Alejandro Liaño.
|h imp
|
| 246 |
|
|
|a Anatomie-Physiologie-Hygiene
|
| 250 |
|
|
|a 1a ed.; reimpresión
|
| 264 |
|
|
|a Barcelona
|b Montaner y Simon
|c 1969
|
| 300 |
|
|
|a 288 páginas:
|c 23 cm
|
| 490 |
|
|
|a M.S. de Ciencias Naturales
|
| 650 |
|
0 |
|a Anatomía
|9 4548
|
| 650 |
|
0 |
|a Fisiología
|9 14391
|
| 650 |
|
0 |
|a Higiene
|9 14430
|
| 700 |
1 |
|
|9 227962
|a Villeneuve, F.
|
| 852 |
|
|
|a UC-CDJBV
|f Compra
|l 1
|m General
|p 00000000
|r 2
|t 74213
|b 0
|d CDRC
|e CDRC
|g 611 SEGUNDO PISO
|z 0000-00-00
|
| 942 |
|
|
|c CR
|2 ddc
|r ivan.verdugo@ucuenca.edu.ec
|0 1
|
| 999 |
|
|
|c 118840
|d 118840
|